LEADER 02580 am 2200685 n 450 001 9910275049003321 005 20180124 010 $a2-87854-781-0 035 $a(CKB)4100000003667315 035 $a(FrMaCLE)OB-psn-6397 035 $a(oapen)https://directory.doabooks.org/handle/20.500.12854/50876 035 $a(PPN)225781999 035 $a(EXLCZ)994100000003667315 100 $a20180314j|||||||| ||| 0 101 0 $afre 135 $auu||||||m|||| 181 $ctxt$2rdacontent 182 $cc$2rdamedia 183 $acr$2rdacarrier 200 10$aJohann Nestroy (1801-1862) $eVision du monde et écriture dramatique /$fGerald Stieg, Jean-Marie Valentin 210 $aParis $cPresses Sorbonne Nouvelle$d2018 311 $a2-87854-936-8 330 $aCe premier travail collectif jamais publié en France sur Johann Nestroy trouve son origine dans un colloque international organisé par les universités de Paris III et de Paris IV dans le cadre de la préparation au concours de l'agrégation. Il a permis de mieux faire connaître au pu­blic français un grand dramaturge autrichien auquel s'attache à tort une réputation d'auteur populaire et régio­naliste. 517 $aJohann Nestroy 606 $aLiterature German Dutch Scandinavian 606 $aJohann Nestroy 606 $aVolkstheater 606 $aKomödie 610 $aJohann Nestroy 610 $aVolkstheater 610 $aKomödie 615 4$aLiterature German Dutch Scandinavian 615 4$aJohann Nestroy 615 4$aVolkstheater 615 4$aKomödie 700 $aAust$b Hugo$0199673 701 $aBauer$b Roger$0234301 701 $aBenay$b Jeanne$01306546 701 $aCarmouche$01365819 701 $aCharue?Ferrucci$b Jeanine$01365820 701 $aHein$b Jürgen$0386776 701 $aKlotz$b Volker$0131952 701 $aKreissler$b Felix$0173531 701 $aMelesville$b M. M$01365821 701 $aNeuber$b Wolfgang$01114492 701 $aObermaier$b Walter$01365822 701 $aScheichl$b Sigurd Paul$0155986 701 $aSchmidt?Dengler$b Wendelin$01365823 701 $aSchneilin$b Gérard$0678673 701 $aStieg$b Gerald$0156336 701 $aValentin$b Jean-Marie$0241734 701 $aValentin$b Jean?Marie$01365824 701 $aYates$b W. Edgar$01365825 701 $aStieg$b Gerald$0156336 701 $aValentin$b Jean-Marie$0241734 801 0$bFR-FrMaCLE 906 $aBOOK 912 $a9910275049003321 996 $aJohann Nestroy (1801-1862)$93387976 997 $aUNINA LEADER 02969oam 2200649zu 450 001 9910220115403321 005 20220915153426.0 010 $a9780833090058 010 $a0833090054 035 $a(CKB)3710000000413664 035 $a(SSID)ssj0001524555 035 $a(PQKBManifestationID)12584003 035 $a(PQKBTitleCode)TC0001524555 035 $a(PQKBWorkID)11483280 035 $a(PQKB)10831718 035 $a(oapen)doab115467 035 $a(EXLCZ)993710000000413664 100 $a20160829d2014 ua 0 101 0 $aeng 135 $aurmn|---annan 181 $ctxt 182 $cc 183 $acr 200 10$aHow deployments affect the capacity and utilization of army treatment facilities /$fAdam C. Resnick [et al.] 210 $cRAND Corporation$d2014 210 31$aSanta Monica, CA :$cRand Corporation ;$d2014 215 $a1 online resource (xxvi, 66 pages) $cillustrations (some color), map 225 0 $aResearch report How deployments affect the capacity and utilization of army treatment facilities 300 $aBibliographic Level Mode of Issuance: Monograph 300 $a"Prepared for the United States Army." 300 $a"RR-257-A"--Page 4 of cover 311 08$a9780833080455 311 08$a0833080458 327 $aIntroduction Analysis of deployment cycle effects on MTF staffing and aggregate workloads How does family health care utilization change in response to the deployment cycle?Conclusions 330 $aThe Army wished to understand whether the Army's Force Generation (ARFORGEN) cycle created ebbs and flows in the ability of military treatment facilities to provide care and respond to changing family needs as soldiers and care providers deploy and return home. This study examines how the cycle affects capability and soldier health care utilization at Army military treatment facilities and how it affects family health care utilization. 606 $aHealth facilities$xUtilization$zUnited States 606 $aFamilies of military personnel$xMedical care 606 $aHealth Workforce$xstatistics & numerical data 606 $aHealth Services$xstatistics & numerical data 606 $aHealth Facilities$xstatistics & numerical data 615 0$aHealth facilities$xUtilization 615 0$aFamilies of military personnel$xMedical care. 615 22$aHealth Workforce$xstatistics & numerical data. 615 12$aHealth Services$xstatistics & numerical data. 615 12$aHealth Facilities$xstatistics & numerical data. 676 $a355.3/450973 700 $aResnick$b Adam C.$01240976 702 $aHosek$b Susan D. 702 $aKadiyala$b Srikanth 702 $aEberhart$b Nicole K.$f1978- 702 $aJacobson$b Mireille 712 02$aArroyo Center. 801 0$bPQKB 906 $aBOOK 912 $a9910220115403321 996 $aHow deployments affect the capacity and utilization of army treatment facilities$92881375 997 $aUNINA